<?xml version="1.0" encoding="UTF-8"?>
<record
    xmlns:xsi="http://www.w3.org/2001/XMLSchema-instance"
    xsi:schemaLocation="http://www.loc.gov/MARC21/slim http://www.loc.gov/standards/marcxml/schema/MARC21slim.xsd"
    xmlns="http://www.loc.gov/MARC21/slim">

  <leader>00923nam a22002177a 4500</leader>
  <controlfield tag="003">NALT</controlfield>
  <controlfield tag="005">20211220154151.0</controlfield>
  <controlfield tag="008">211116b        th ||||| |||| 00| 0 tha d</controlfield>
  <datafield tag="020" ind1=" " ind2=" ">
    <subfield code="a">9789746417907</subfield>
  </datafield>
  <datafield tag="040" ind1=" " ind2=" ">
    <subfield code="a">NALT</subfield>
  </datafield>
  <datafield tag="050" ind1=" " ind2=" ">
    <subfield code="a">GV 191.48.T5</subfield>
    <subfield code="b">&#xE1A;268 2564</subfield>
  </datafield>
  <datafield tag="245" ind1="1" ind2="0">
    <subfield code="a">&#xE1A;&#xE31;&#xE19;&#xE17;&#xE36;&#xE01;&#xE04;&#xE48;&#xE32;&#xE22;&#xE40;&#xE14;&#xE47;&#xE01; &#xE15;&#xE2D;&#xE19; &#xE40;&#xE23;&#xE37;&#xE48;&#xE2D;&#xE07;&#xE40;&#xE25;&#xE48;&#xE32;&#xE08;&#xE32;&#xE01;&#xE2B;&#xE49;&#xE27;&#xE22;&#xE21;&#xE48;&#xE27;&#xE07; /</subfield>
    <subfield code="c">&#xE20;&#xE32;&#xE13;&#xE38;&#xE1E;&#xE07;&#xE28;&#xE4C; &#xE0A;&#xE25;&#xE2A;&#xE27;&#xE31;&#xE2A;&#xE14;&#xE34;&#xE4C;, &#xE1A;&#xE23;&#xE23;&#xE13;&#xE32;&#xE18;&#xE34;&#xE01;&#xE32;&#xE23;.</subfield>
  </datafield>
  <datafield tag="250" ind1=" " ind2=" ">
    <subfield code="a">&#xE1E;&#xE34;&#xE21;&#xE1E;&#xE4C;&#xE04;&#xE23;&#xE31;&#xE49;&#xE07;&#xE17;&#xE35;&#xE48; 1</subfield>
  </datafield>
  <datafield tag="260" ind1=" " ind2=" ">
    <subfield code="a">&#xE01;&#xE23;&#xE38;&#xE07;&#xE40;&#xE17;&#xE1E;&#xE2F; :</subfield>
    <subfield code="b">&#xE08;&#xE23;&#xE31;&#xE25;&#xE2A;&#xE19;&#xE34;&#xE17;&#xE27;&#xE07;&#xE28;&#xE4C;&#xE01;&#xE32;&#xE23;&#xE1E;&#xE34;&#xE21;&#xE1E;&#xE4C;,</subfield>
    <subfield code="c">2564.</subfield>
  </datafield>
  <datafield tag="650" ind1=" " ind2="4">
    <subfield code="9">55191</subfield>
    <subfield code="a">&#xE04;&#xE48;&#xE32;&#xE22;&#xE40;&#xE14;&#xE47;&#xE01;</subfield>
  </datafield>
  <datafield tag="700" ind1="0" ind2=" ">
    <subfield code="9">50309</subfield>
    <subfield code="a">&#xE20;&#xE32;&#xE13;&#xE38;&#xE1E;&#xE07;&#xE28;&#xE4C; &#xE0A;&#xE25;&#xE2A;&#xE27;&#xE31;&#xE2A;&#xE14;&#xE34;&#xE4C;</subfield>
  </datafield>
  <datafield tag="850" ind1=" " ind2=" ">
    <subfield code="a">NALT</subfield>
  </datafield>
  <datafield tag="942" ind1=" " ind2=" ">
    <subfield code="c">GB</subfield>
    <subfield code="2">lcc</subfield>
  </datafield>
  <datafield tag="998" ind1=" " ind2=" ">
    <subfield code="a">bijaya</subfield>
    <subfield code="b">phon</subfield>
    <subfield code="c">phon</subfield>
    <subfield code="j">104</subfield>
    <subfield code="k"> &#xE2A;&#xE32;&#xE22;&#xE1D;&#xE19; &#xE14;&#xE35;&#xE07;&#xE32;&#xE21;</subfield>
  </datafield>
  <datafield tag="999" ind1=" " ind2=" ">
    <subfield code="c">98630</subfield>
    <subfield code="d">98630</subfield>
  </datafield>
  <datafield tag="952" ind1=" " ind2=" ">
    <subfield code="0">0</subfield>
    <subfield code="1">0</subfield>
    <subfield code="2">lcc</subfield>
    <subfield code="4">0</subfield>
    <subfield code="7">0</subfield>
    <subfield code="8">CGBL</subfield>
    <subfield code="a">NALT</subfield>
    <subfield code="b">NALT</subfield>
    <subfield code="c">GEN</subfield>
    <subfield code="d">2021-11-16</subfield>
    <subfield code="o">GV 191.48.T5 &#xE1A;268 2564</subfield>
    <subfield code="p">3961212448</subfield>
    <subfield code="r">2022-02-21 00:00:00</subfield>
    <subfield code="w">2021-11-16</subfield>
    <subfield code="y">GB</subfield>
  </datafield>
</record>
